Books by T-Shirt Quiz Stats

 Plays Quiz Updated Feb 3, 2018

Score 0/20 Timer 05:00
0 Plays Today
Hint Answer % Correct
Peter Pan
96.7%
The Adventures of Winnie-the-Pooh
95.9%
How the Grinch Stole Christmas!
91.7%
Curious George
89.3%
The Hobbit
82.7%
The Wonderful Wizard of Oz
80%
Harry Potter
80%
Moby Dick, or; the Whale
78.5%
The Story of Babar: The Little Elephant
73.2%
The Chronicles of Narnia
72.4%
Hint Answer % Correct
A Song of Ice and Fire
71.6%
The Great Gatsby
66.5%
1984
65.1%
The Little Prince
63.7%
Animal Farm
61.5%
Romeo and Juliet
56.5%
The Hitchhiker's Guide to the Galaxy
45.6%
Lord of the Flies
44.3%
Don Quixote
43.7%
To Kill a Mockingbird
42.7%

You're not logged in!

Compare scores with friends on all Sporcle quizzes.
OR
Log In

Sporcle TV

Today on Sporcle TV


Watch our educational content, quiz creation guides, and fun videos on Sporcle TV.

Show Comments

Extras

Top Quizzes Today


Score Distribution

Your Account Isn't Verified!

In order to create a playlist on Sporcle, you need to verify the email address you used during registration. Go to your Sporcle Settings to finish the process.

Report this User

Report this user for behavior that violates our Community Guidelines.

Details: